[Event "Colombia Mire Lea Florida Cup"]
[Site "Colombia"]
[Date "2010.10.16"]
[Round "2.4"]
[White "Herrera, Juan Sebastian"]
[Black "Ceron, Oscar"]
[Result "1-0"]
[WhiteElo "2125"]
[BlackElo "1600"]
[PlyCount "51"]
[EventDate "2010.10.16"]
[EventType "swiss"]
[EventRounds "7"]
[EventCountry "COL"]
[SourceTitle "EXT 2024"]
[Source "ChessBase"]
[SourceDate "2023.10.10"]
[SourceVersion "1"]
[SourceVersionDate "2023.10.10"]
[SourceQuality "1"]

1. e4 c5 2. Nf3 Nc6 3. Bb5 d6 4. 0-0 Bd7 5. Re1 e5 6. c3 Nf6 7. d4 cxd4 8. cxd4 exd4 9. Nxd4 Ne5 10. Bf1 Be7 11. Nc3 a6 12. f4 Nc6 13. Nb3 0-0 14. h3 Qc7 15. Nd5 Nxd5 16. exd5 Bh4 17. dxc6 Bxc6 18. Re3 d5 19. Qg4 Bf6 20. Bd3 Rfe8 21. Qf5 Rxe3 22. Qxh7+ Kf8 23. Bxe3 b6 24. Rc1 g6 25. Bxg6 fxg6 26. Qxc7 1-0